00459nam a2200157Ia 4500008004100000020001800041082001500059100002300074245005400097250000800151260004100159300002300200500001900223600003300242650002600275240925s9999 xx 000 0 und d a9789694074412 a954.07 AHM aAhmed, Syed Jaffar 0aPakistan: Historical Legacies Contemporary Issues a1st aKarachi:bRoyal Book Companyc,2017. a336p.b0fOriginal aIncludes Index aHumanities & Natural Science aHistory and Geography